000 01198nam a22003377a 4500
001 33637
003 DO-SdBPM
005 20260114105057.0
007 ta
008 920227s2000 sp | |||| ||spa
020 _a8420458457
040 _aDO-SdBPM
_bspa
_cBPMSU
_erda
_d
082 4 _a323.352
_bR585h 2000
_222
100 1 _a Ada, Alma Flor,
_d1938-
_eautora
_4aut.
245 1 3 _aLa historia de Manú /
_cAna María del Río ; ilustraciones de Carmen Cardemil. Río, Ana María del, 1948-; Cardemil, Carmen, ilustrador.
_b
264 _aMadrid :
_bUnicef,
_c2000
300 _a31 páginas :
_bilustraciones ;
_c26 cm
336 _atexto
_btxt
_2rdacontent
337 _asin mediación
_bn
_2rdamedia
338 _avolumen
_bnc
_2rdacarrier
490 0 _aDerecho a formarse en un mundo solidario,
_v10
_a
590 _aInventariado. 2026/VM
590 _6Inventariado, 2026/VM
650 7 _aSolidaridad
_vCuentos infantiles.
_x
_2
650 7 _aDerechos del niño.
_v
650 7 _a Cuentos infantiles chilenos
700 1 _aCardemil, Carmen
_eilustraciones
_d
700 1 _aCorcuera, Arturo
_eprólogo
_d
910 _aVMateo V. Control de calidad (BPMSU)
942 _2ddc
_cBK
999 _c15600
_d15600